| Tag |
First Indicator |
Second Indicator |
Subfields |
| LEADER |
00000nam a2200000Ia 4500 |
| 001 |
in00004245521 |
| 005 |
20200807093121.0 |
| 006 |
m g d |
| 007 |
cr bn |||a|bb| |
| 008 |
850401s1694 enk o 00| | eng d |
| 035 |
|
|
|a (OCoLC)11873350
|
| 040 |
|
|
|a EAA
|c EAA
|d m/c
|d UMI
|d WaOLN
|
| 037 |
|
|
|a CL0037000025
|b ProQuest Information and Learning. 300 N. Zeeb Rd., Ann Arbor, MI 48106
|
| 043 |
|
|
|a e-uk-en
|
| 045 |
0 |
|
|b d16940523
|
| 049 |
|
|
|a UMIA
|
| 100 |
1 |
|
|a Shower, John,
|d 1657-1715.
|
| 245 |
1 |
0 |
|a No peace to the wicked :
|b a sermon preached on the fast-day, May 23, 1694, being the day appointed by authority for a general and publick fast in London and Westminster, &c ... /
|c by John Shower.
|
| 260 |
|
|
|a London :
|b Printed by J. D. :
|b and to be sold by John Lawrence ...,
|c 1694.
|
| 300 |
|
|
|a 1 online resource ([2], 36 pages)
|
| 336 |
|
|
|a text
|b txt
|2 rdacontent
|
| 337 |
|
|
|a computer
|b c
|2 rdamedia
|
| 338 |
|
|
|a online resource
|b cr
|2 rdacarrier
|
| 500 |
|
|
|a Reproduction of original in Huntington Library.
|
| 510 |
4 |
|
|a Wing
|c S3676
|
| 533 |
|
|
|a Electronic reproduction.
|b Ann Arbor, Mich. :
|c UMI,
|d 1999-
|f (Early English books online)
|n Digital version of: (Early English books, 1641-1700 ; 823:20)
|7 s1999 miun s
|
| 630 |
0 |
0 |
|a Bible.
|p O.T.
|p Kings, 2nd, IX, 22
|v Sermons.
|
| 650 |
|
0 |
|a Fast-day sermons.
|
| 650 |
|
0 |
|a Sermons, English
|y 17th century.
|
| 830 |
|
0 |
|a Early English books online.
|
| 856 |
4 |
0 |
|u http://proxy.library.tamu.edu/login?url=https://search.proquest.com/docview/2248516468
|z Connect to the full text of this electronic book
|t 0
|
| 999 |
f |
f |
|s 70963852-204a-336a-be02-7cde47c1a899
|i 91a58e40-1d63-3a97-aa31-3a32b092d659
|t 0
|
| 952 |
f |
f |
|a Texas A&M University
|b College Station
|c Electronic Resources
|d Available Online
|t 0
|h No information provided
|
| 998 |
f |
f |
|t 0
|l Available Online
|